[Event "1st Bristol NY Open Tournament"]
[Site "Bristol Bridge & Clifton Chess"]
[Date "2024.12.27"]
[Round "1.1"]
[White "Arkell, Keith C"]
[Black "Griffiths, Hayden"]
[Result "1-0"]
[WhiteElo "2355"]
[BlackElo "1767"]
[PlyCount "95"]
[GameId "2135135420841014"]
[EventDate "2024.12.27"]
[SourceTitle "Bristol_NY24_Fide_Open"]
[Source "David Tipper"]
[SourceDate "2025.02.16"]
[SourceVersion "1"]
[SourceVersionDate "2025.02.16"]
[SourceQuality "2"]

1. d4 d5 2. Nf3 h6 3. c4 c6 4. Nbd2 Nf6 5. g3 Bf5 6. Bg2 e6 7. O-O Nbd7 8. b3 Bd6 9. Bb2 O-O 10. Ne5 Qc7 11. Ndf3 Rac8 12. Rc1 Ne4 13. a3 f6 14. Nd3 Qd8 15. b4 Qe7 16. e3 b5 17. cxb5 cxb5 18. Nc5 Nb6 19. Nh4 Bh7 20. f3 Nxg3 21. hxg3 Bxg3 22. Bh3 Bxh4 23. Nxe6 Rfe8 24. Rxc8 Rxc8 25. e4 Re8 26. Qe2 Qd6 27. Nc5 Qg3+ 28. Bg2 Nc4 29. Bc1 f5 30. e5 f4 31. Nd3 Bxd3 32. Qxd3 Re6 33. Qc2 Qg5 34. Kh1 Qh5 35. Bh3 Bf2 36. Qf5 Qxf5 37. Bxf5 Rc6 38. Rxf2 Ne3 39. Bxe3 fxe3 40. Re2 Rc3 41. Be6+ Kf8 42. Bxd5 Rxa3 43. Bc6 a6 44. d5 Ke7 45. f4 g6 46. Kg2 Rd3 47. Kf3 h5 48. Rxe3 1-0

[Event "1st Bristol NY Open Tournament"]
[Site "Bristol Bridge & Clifton Chess"]
[Date "2024.12.27"]
[Round "1.2"]
[White "Plotnikov, Dmytro"]
[Black "Stubbs, Oliver"]
[Result "0-1"]
[WhiteElo "1712"]
[BlackElo "2173"]
[PlyCount "122"]
[GameId "2135137476697465"]
[EventDate "2024.12.27"]
[SourceTitle "Bristol_NY24_Fide_Open"]
[Source "David Tipper"]
[SourceDate "2025.02.16"]
[SourceVersion "1"]
[SourceVersionDate "2025.02.16"]
[SourceQuality "2"]

1. d4 Nf6 2. Nf3 g6 3. e3 Bg7 4. Bd3 O-O 5. Nbd2 d6 6. c3 Nbd7 7. O-O e5 8. Qc2 Re8 9. b3 Qe7 10. e4 d5 11. Re1 dxe4 12. Nxe4 Nxe4 13. Bxe4 exd4 14. cxd4 Nf6 15. Bg5 Qd6 16. Rac1 c6 17. Bxf6 Bxf6 18. h3 Be6 19. Rcd1 Rad8 20. Ne5 Bd5 21. f4 Bg7 22. Bxd5 Qxd5 23. Qc4 h5 24. a4 Re6 25. Re2 Red6 26. Kf2 Bxe5 27. Qxd5 Rxd5 28. Rxe5 Rxd4 29. Re8+ Rxe8 30. Rxd4 Kf8 31. Rd7 Re7 32. Rd8+ Kg7 33. Kf3 Kf6 34. g4 hxg4+ 35. hxg4 Ke6 36. Ke4 Rd7 37. f5+ gxf5+ 38. gxf5+ Ke7 39. Rc8 Kf6 40. Rh8 c5 41. Rc8 Rd4+ 42. Ke3 b6 43. Rc6+ Kxf5 44. Rc7 f6 45. Rxa7 Rb4 46. a5 Rxb3+ 47. Kd2 b5 48. Rc7 c4 49. a6 Ra3 50. Rc5+ Ke4 51. Rxb5 Rxa6 52. Rb8 Rc6 53. Re8+ Kf4 54. Kc3 f5 55. Re1 Kg3 56. Rg1+ Kf2 57. Rg5 f4 58. Rf5 f3 59. Kd4 c3 60. Ke4 c2 61. Rxf3+ Kg2 0-1

[Event "1st Bristol NY Open Tournament"]
[Site "Bristol Bridge & Clifton Chess"]
[Date "2024.12.27"]
[Round "1.3"]
[White "Hill, Alistair"]
[Black "Marston, Alastair Jd"]
[Result "1-0"]
[WhiteElo "2107"]
[BlackElo "1756"]
[PlyCount "57"]
[GameId "2135142625920545"]
[EventDate "2024.12.27"]
[SourceTitle "Bristol_NY24_Fide_Open"]
[Source "David Tipper"]
[SourceDate "2025.02.16"]
[SourceVersion "1"]
[SourceVersionDate "2025.02.16"]
[SourceQuality "2"]

1. c4 b6 2. Nf3 e6 3. g3 Bb7 4. Bg2 Nf6 5. O-O Be7 6. Nc3 O-O 7. Re1 c5 8. e4 d6 9. d4 a6 10. b3 Qc7 11. Bb2 Ra7 12. Qe2 e5 13. dxe5 dxe5 14. Nd5 Nxd5 15. exd5 f6 16. Rad1 Bd6 17. Bh3 Bc8 18. Bxc8 Qxc8 19. Nd2 Nd7 20. Ne4 Bb8 21. a4 Qd8 22. Ba3 f5 23. Nc3 Nf6 24. a5 Rb7 25. Na4 Ne4 26. axb6 Rxb6 27. Bxc5 Nxc5 28. Nxc5 Bd6 29. Ne6 1-0

[Event "1st Bristol NY Open Tournament"]
[Site "Bristol Bridge & Clifton Chess"]
[Date "2024.12.27"]
[Round "1.4"]
[White "Murdoch, Stephen"]
[Black "Beaumont, Chris R"]
[Result "0-1"]
[WhiteElo "1653"]
[BlackElo "2161"]
[PlyCount "58"]
[GameId "2135144671200935"]
[EventDate "2024.12.27"]
[SourceTitle "Bristol_NY24_Fide_Open"]
[Source "David Tipper"]
[SourceDate "2025.02.16"]
[SourceVersion "1"]
[SourceVersionDate "2025.02.16"]
[SourceQuality "2"]

{[%evp 0,55,17,25,20,6,31,15,13,6,27,51,6,10,5,1,16,7,6,-23,12,18,12,-11,-7,-12,-1,-45,9,9,8,0,31,-2,4,-11,-19,-26,-29,54,42,17,2,-67,-69,-144,-200,-77,-176,-365,-258,-222,-282,-172,-319,-179,-173,-247]} 1. c4 Nf6 2. Nc3 g6 3. g3 Bg7 4. Bg2 O-O 5. e4 d6 6. Nge2 c5 7. O-O Nc6 8. d3 Rb8 9. h3 Ne8 10. Be3 Nc7 11. a4 Ne6 12. Rb1 Ned4 13. f4 f5 14. Kh2 a6 15. exf5 gxf5 16. Ng1 Bd7 17. Nf3 e6 18. Re1 Nb4 19. Bxd4 cxd4 20. Ne2 e5 21. b3 Bc6 22. Qd2 Nxd3 23. Rf1 Nc5 24. Nc1 Be4 25. Rb2 Bxf3 26. Bxf3 e4 27. Bg2 e3 28. Bd5+ Kh8 29. Qe1 d3 0-1

[Event "1st Bristol NY Open Tournament"]
[Site "Bristol Bridge & Clifton Chess"]
[Date "2024.12.27"]
[Round "1.5"]
[White "Bergsson, Stefan"]
[Black "Plotnikov, Matvii"]
[Result "1-0"]
[WhiteElo "2164"]
[BlackElo "1640"]
[PlyCount "83"]
[GameId "2135145770628793"]
[EventDate "2024.12.27"]
[SourceTitle "Bristol_NY24_Fide_Open"]
[Source "David Tipper"]
[SourceDate "2025.02.16"]
[SourceVersion "1"]
[SourceVersionDate "2025.02.16"]
[SourceQuality "2"]

1. e4 c5 2. Nf3 Nc6 3. Nc3 Nf6 4. Bb5 g6 5. e5 Ng4 6. Bxc6 dxc6 7. O-O Bg7 8. Re1 Qc7 9. d4 O-O 10. h3 Nh6 11. dxc5 Rd8 12. Qe2 Qa5 13. Be3 Nf5 14. Rad1 Be6 15. a3 h6 16. g4 Nxe3 17. Qxe3 Rxd1 18. Rxd1 Rd8 19. b4 Rxd1+ 20. Nxd1 Qd8 21. Nc3 a5 22. Nd4 Bc4 23. f4 axb4 24. axb4 Qa8 25. Qc1 g5 26. Nf3 gxf4 27. Kf2 Be6 28. Ne2 Qa4 29. c3 Qa2 30. Qxf4 Bc4 31. Qd2 Qxd2 32. Nxd2 Bxe2 33. Kxe2 Bxe5 34. Kd3 e6 35. Nb3 Kg7 36. Na5 Kg6 37. Nxb7 Kg5 38. c4 f5 39. gxf5 exf5 40. Nd6 Kf4 41. b5 cxb5 42. cxb5 1-0

[Event "1st Bristol NY Open Tournament"]
[Site "Bristol Bridge & Clifton Chess"]
[Date "2024.12.27"]
[Round "1.6"]
[White "Mussa, Rayyan"]
[Black "Bicknell, Carl"]
[Result "0-1"]
[WhiteElo "1615"]
[BlackElo "2101"]
[PlyCount "74"]
[GameId "2135148621899564"]
[EventDate "2024.12.27"]
[SourceTitle "Bristol_NY24_Fide_Open"]
[Source "David Tipper"]
[SourceDate "2025.02.16"]
[SourceVersion "1"]
[SourceVersionDate "2025.02.16"]
[SourceQuality "2"]

1. e4 g6 2. d4 Bg7 3. Nf3 d6 4. Nc3 e6 5. Bc4 Ne7 6. O-O O-O 7. Bg5 h6 8. Be3 b6 9. Qd2 Kh7 10. Rad1 Bb7 11. Bb3 Nd7 12. Rfe1 a6 13. a4 d5 14. exd5 exd5 15. Bf4 Nf6 16. Ne5 Nc8 17. Re3 Nh5 18. Rh3 Nxf4 19. Qxf4 c6 20. Nxf7 Qd7 21. Ne4 Rxf7 22. Ng5+ Kg8 23. Nxf7 Qxf7 24. Qe3 Nd6 25. Rf3 Nf5 26. Qf4 Rf8 27. g4 Nxd4 28. Qxf7+ Rxf7 29. Rxf7 Kxf7 30. Rd3 c5 31. c4 b5 32. axb5 axb5 33. cxd5 c4 34. d6 cxb3 35. Re3 Bf6 36. d7 Bc6 37. Rd3 Bxd7 0-1

[Event "1st Bristol NY Open Tournament"]
[Site "Bristol Bridge & Clifton Chess"]
[Date "2024.12.27"]
[Round "1.7"]
[White "Davis, Colin J"]
[Black "Krautsova, Diana"]
[Result "1-0"]
[WhiteElo "2063"]
[BlackElo "1586"]
[PlyCount "103"]
[GameId "2135149998880573"]
[EventDate "2024.12.27"]
[SourceTitle "Bristol_NY24_Fide_Open"]
[Source "David Tipper"]
[SourceDate "2025.02.16"]
[SourceVersion "1"]
[SourceVersionDate "2025.02.16"]
[SourceQuality "2"]

1. Nf3 d5 2. e3 Bf5 3. c4 c6 4. Nc3 e6 5. Be2 Nf6 6. b3 Be7 7. Bb2 Nbd7 8. Rc1 a6 9. Nh4 Bg6 10. Nxg6 hxg6 11. d4 Rc8 12. h3 b5 13. O-O Nb6 14. cxb5 cxb5 15. a4 b4 16. Nb1 a5 17. Bb5+ Nbd7 18. Qd3 O-O 19. Nd2 Nb8 20. f3 Qd6 21. e4 Qg3 22. e5 Nh5 23. f4 Rxc1 24. Bxc1 Qxd3 25. Bxd3 Ng3 26. Rd1 Nf5 27. Nf3 Rc8 28. Bb2 Bd8 29. g4 Ne7 30. Kf2 Bb6 31. Ke3 Kf8 32. h4 f6 33. Rg1 Kf7 34. exf6 gxf6 35. g5 f5 36. Ne5+ Kg7 37. Kd2 Rh8 38. Nf3 Rc8 39. Bb5 Bc7 40. Ke3 Bb6 41. Rg2 Nbc6 42. Rc2 Rc7 43. Ne1 Nd8 44. Rh2 Nf7 45. Nd3 Nc8 46. Nc5 Bxc5 47. dxc5+ Kh7 48. Be8 Re7 49. Bxf7 Rxf7 50. h5 Rc7 51. hxg6+ Kxg6 52. Rh6+ 1-0

[Event "1st Bristol NY Open Tournament"]
[Site "Bristol Bridge & Clifton Chess"]
[Date "2024.12.27"]
[Round "1.8"]
[White "Fearnhead, Joseph T"]
[Black "Ashworth, Michael J"]
[Result "0-1"]
[WhiteElo "1579"]
[BlackElo "2011"]
[PlyCount "37"]
[GameId "2135151569352551"]
[EventDate "2024.12.27"]
[SourceTitle "Bristol_NY24_Fide_Open"]
[Source "David Tipper"]
[SourceDate "2025.02.16"]
[SourceVersion "1"]
[SourceVersionDate "2025.02.16"]
[SourceQuality "2"]

1. d4 Nf6 2. Nc3 d5 3. Bf4 Bf5 4. e3 e6 5. Bd3 Bg6 6. h4 Bd6 7. h5 Bxd3 8. Qxd3 Bxf4 9. exf4 Qd6 10. Qg3 Nbd7 11. O-O-O Rg8 12. Nf3 g5 13. Ne5 gxf4 14. Nb5 fxg3 15. Nxd6+ cxd6 16. Nd3 gxf2 17. Nxf2 Rxg2 18. Nd3 Rc8 19. c3 0-1

[Event "1st Bristol NY Open Tournament"]
[Site "Bristol Bridge & Clifton Chess"]
[Date "2024.12.27"]
[Round "1.9"]
[White "Varley, Joe"]
[Black "Saha, Soumil"]
[Result "1-0"]
[WhiteElo "1927"]
[BlackElo "1577"]
[PlyCount "84"]
[GameId "2135152179603320"]
[EventDate "2024.12.27"]
[SourceTitle "Bristol_NY24_Fide_Open"]
[Source "David Tipper"]
[SourceDate "2025.02.16"]
[SourceVersion "1"]
[SourceVersionDate "2025.02.16"]
[SourceQuality "2"]

{[%evp 0,83,11,-6,32,36,-19,38,36,37,32,38,38,29,44,46,49,31,28,26,78,63,58,56,42,-14,92,40,64,-26,-21,-33,-117,-4,6,252,-12,193,36,38,-140,59,82,-24,42,90,27,-1,-2,-11,-44,-63,-215,-87,-85,-57,-111,-159,-188,-82,62,28,64,-22,61,1,337,348,620,494,467,506,581,326,306,287,275,298,463,249,817,798,29991,29992,29995,29996]} 1. e4 d6 2. d4 Nf6 3. Nc3 g6 4. h3 Bg7 5. Nf3 O-O 6. Be3 Nc6 7. Qd2 e5 8. d5 Ne7 9. O-O-O Ne8 10. g4 a6 11. Rg1 b5 12. h4 f6 13. Bh6 Bd7 14. g5 f5 15. exf5 Nxf5 16. h5 Nxh6 17. gxh6 Rxf3 18. hxg7 Kxg7 19. hxg6 hxg6 20. Bd3 Bf5 21. Rh1 Bxd3 22. Qh6+ Kf7 23. cxd3 Qf6 24. Rh4 Qg7 25. Qg5 Nf6 26. Rdh1 Rf5 27. Qg2 Rh5 28. Rxh5 Nxh5 29. Ne4 Rh8 30. Qg4 Re8 31. Kb1 Nf6 32. Qf3 Rh8 33. Rc1 Rc8 34. Nxd6+ cxd6 35. Rxc8 Ke7 36. Qh3 Nxd5 37. Rb8 Kf6 38. Rd8 Qc7 39. Qh4+ g5 40. Qh6+ Kf5 41. Rf8+ Kg4 42. Qe6+ Kh4 1-0

[Event "1st Bristol NY Open Tournament"]
[Site "Bristol Bridge & Clifton Chess"]
[Date "2024.12.27"]
[Round "1.10"]
[White "Northam, Lawrence"]
[Black "Norris, Zack"]
[Result "0-1"]
[WhiteElo "1567"]
[BlackElo "1887"]
[PlyCount "60"]
[GameId "2135153794512832"]
[EventDate "2024.12.27"]
[SourceTitle "Bristol_NY24_Fide_Open"]
[Source "David Tipper"]
[SourceDate "2025.02.16"]
[SourceVersion "1"]
[SourceVersionDate "2025.02.16"]
[SourceQuality "2"]

1. d4 Nf6 2. c4 g6 3. Nc3 Bg7 4. e4 d6 5. Be2 O-O 6. Bg5 h6 7. Be3 e5 8. d5 Na6 9. Qd2 Kh7 10. f3 Ng8 11. g4 f5 12. gxf5 gxf5 13. O-O-O Qh4 14. Bd3 f4 15. Bf2 Qg5 16. Bf1 Ne7 17. h4 Qh5 18. c5 Nxc5 19. Bxc5 dxc5 20. d6 cxd6 21. Qxd6 Nc6 22. Qxc5 Nd4 23. Rxd4 b6 24. Qd5 Bb7 25. Qxb7 exd4 26. Nd5 Rac8+ 27. Kb1 Qg6 28. Nh3 Qg3 29. Be2 d3 30. Bd1 Qg2 0-1

[Event "1st Bristol NY Open Tournament"]
[Site "Bristol Bridge & Clifton Chess"]
[Date "2024.12.27"]
[Round "1.11"]
[White "Meek, Stephen J"]
[Black "Farms, Edward"]
[Result "1-0"]
[WhiteElo "1962"]
[BlackElo "1549"]
[PlyCount "71"]
[GameId "2135155946129767"]
[EventDate "2024.12.27"]
[SourceTitle "Bristol_NY24_Fide_Open"]
[Source "David Tipper"]
[SourceDate "2025.02.16"]
[SourceVersion "1"]
[SourceVersionDate "2025.02.16"]
[SourceQuality "2"]

1. e4 c5 2. Nf3 d6 3. c3 Nf6 4. Be2 Nxe4 5. Qa4+ Nc6 6. Qxe4 d5 7. Qa4 Qc7 8. O-O Bd7 9. Bb5 e6 10. d4 a6 11. Bxc6 Bxc6 12. Qd1 Bd6 13. Re1 O-O 14. Nbd2 cxd4 15. cxd4 Rac8 16. Nf1 b5 17. Bd2 Rfe8 18. Rc1 Qb6 19. Qb3 a5 20. a4 b4 21. Ne5 Bb7 22. Be3 Rcd8 23. Nd3 Ba6 24. Nd2 Qb8 25. g3 Rc8 26. Bf4 Bxf4 27. Nxf4 Qa7 28. Qe3 h6 29. Nf3 Bc4 30. b3 Ba6 31. h4 Re7 32. Rxc8+ Bxc8 33. Rc1 Bd7 34. Qd2 f6 35. Qc2 Be8 36. Qc5 1-0

[Event "1st Bristol NY Open Tournament"]
[Site "Bristol Bridge & Clifton Chess"]
[Date "2024.12.27"]
[Round "1.12"]
[White "Soleimani, Avina"]
[Black "Kothari, Jai"]
[Result "0-1"]
[WhiteElo "1508"]
[BlackElo "1964"]
[PlyCount "84"]
[GameId "2135157341374912"]
[EventDate "2024.12.27"]
[SourceTitle "Bristol_NY24_Fide_Open"]
[Source "David Tipper"]
[SourceDate "2025.02.16"]
[SourceVersion "1"]
[SourceVersionDate "2025.02.16"]
[SourceQuality "2"]

{[%evp 0,28,11,26,10,12,16,0,14,24,41,9,11,50,22,14,-27,14,18,-23,-21,-38,13,-48,-10,-47,-48,-65,-60,-83,-101]} 1. c4 c5 2. g3 d6 3. Bg2 e5 4. d3 Ne7 5. Nf3 g6 6. O-O Bg7 7. Nc3 O-O 8. Bd2 Nbc6 9. Rc1 h6 10. Qc2 Be6 11. Rfd1 Qd7 12. Rb1 Bh3 13. Bh1 f5 14. Qc1 f4 15. e3 fxg3 16. fxg3 Rf7 17. Bg2 Bxg2 18. Kxg2 Qf5 19. Rf1 Qxd3 20. e4 Raf8 21. Qd1 Nd4 22. Bxh6 Qxd1 23. Rbxd1 Bxh6 24. Nxd4 Rxf1 25. Rxf1 Rxf1 26. Kxf1 exd4 27. Nb5 Nc8 28. Ke2 a6 29. Nc7 Kf7 30. Nd5 Ne7 31. Kd3 Nxd5 32. cxd5 Kf6 33. a3 Ke5 34. b3 b5 35. h3 c4+ 36. bxc4 bxc4+ 37. Kc2 d3+ 38. Kd1 c3 39. h4 c2+ 40. Ke1 Be3 41. Kf1 c1=Q+ 42. Kg2 Kxe4 0-1

[Event "1st Bristol NY Open Tournament"]
[Site "Bristol Bridge & Clifton Chess"]
[Date "2024.12.27"]
[Round "1.13"]
[White "Pugh, Derek C"]
[Black "Zheng, Lucas"]
[Result "1-0"]
[WhiteElo "2033"]
[BlackElo "1502"]
[PlyCount "55"]
[GameId "2135158719400644"]
[EventDate "2024.12.27"]
[SourceTitle "Bristol_NY24_Fide_Open"]
[Source "David Tipper"]
[SourceDate "2025.02.16"]
[SourceVersion "1"]
[SourceVersionDate "2025.02.16"]
[SourceQuality "2"]

1. Nc3 c5 2. e4 d6 3. g3 Nc6 4. Bg2 Nf6 5. d3 g6 6. f4 e6 7. Nf3 Bg7 8. O-O O-O 9. h3 b6 10. g4 h6 11. Ne2 Ne7 12. Ng3 Rb8 13. Nh2 Qc7 14. g5 Nh7 15. h4 c4 16. d4 Nc6 17. c3 Qe7 18. e5 Bd7 19. Ng4 hxg5 20. hxg5 dxe5 21. dxe5 Rfd8 22. Ne4 Na5 23. Ngf6+ Bxf6 24. gxf6 Qe8 25. Qg4 Qf8 26. Qh4 Bc6 27. Be3 Rd7 28. Kf2 1-0

[Event "1st Bristol NY Open Tournament"]
[Site "Bristol Bridge & Clifton Chess"]
[Date "2024.12.27"]
[Round "1.14"]
[White "Taylor, Noah"]
[Black "Baer, Bruce L"]
[Result "0-1"]
[WhiteElo "1498"]
[BlackElo "1959"]
[PlyCount "86"]
[GameId "2135160223361800"]
[EventDate "2024.12.27"]
[SourceTitle "Bristol_NY24_Fide_Open"]
[Source "David Tipper"]
[SourceDate "2025.02.16"]
[SourceVersion "1"]
[SourceVersionDate "2025.02.16"]
[SourceQuality "2"]

1. e4 g6 2. d4 Bg7 3. c4 d6 4. Nf3 e5 5. dxe5 dxe5 6. Qxd8+ Kxd8 7. Nc3 f6 8. Be3 Be6 9. O-O-O+ Nd7 10. Be2 Bh6 11. Bxh6 Nxh6 12. h3 c6 13. g4 Nf7 14. Rhg1 Ke7 15. Rd2 a5 16. b3 Nc5 17. Rgd1 h5 18. gxh5 Rxh5 19. h4 Bg4 20. Rg1 Bxf3 21. Bxf3 Rxh4 22. Rxg6 Ng5 23. Bg2 Kf7 24. Rxg5 fxg5 25. f3 Ne6 26. Rd7+ Kf6 27. Rd6 Ke7 28. Rd2 Rd8 29. Rxd8 Kxd8 30. Kd1 Rh2 31. Bf1 Nd4 32. Be2 Kd7 33. Ke1 Kd6 34. Kd1 Kc5 35. Kd2 Nxf3+ 36. Ke3 Nd4 37. Bg4 Kb4 38. Kd3 Rg2 39. Bc8 Rg3+ 40. Kd2 Rxc3 41. Bxb7 g4 42. Bc8 g3 43. a3+ Kxb3 0-1

[Event "1st Bristol NY Open Tournament"]
[Site "Bristol Bridge & Clifton Chess"]
[Date "2024.12.27"]
[Round "1.15"]
[White "Shepherd, Tom"]
[Black "George, Naveen Daniel"]
[Result "1-0"]
[WhiteElo "1900"]
[BlackElo "1483"]
[PlyCount "67"]
[GameId "2135165896921465"]
[EventDate "2024.12.27"]
[SourceTitle "Bristol_NY24_Fide_Open"]
[Source "David Tipper"]
[SourceDate "2025.02.16"]
[SourceVersion "1"]
[SourceVersionDate "2025.02.16"]
[SourceQuality "2"]

1. d4 Nf6 2. Nf3 g6 3. Nbd2 Bg7 4. e4 d6 5. Bd3 O-O 6. O-O c5 7. c3 Nc6 8. d5 Nb8 9. h3 Nbd7 10. Re1 a6 11. a4 Rb8 12. a5 Nh5 13. Nc4 b5 14. axb6 Nxb6 15. Qe2 Nxc4 16. Bxc4 Ra8 17. Bg5 h6 18. Bd2 Qb6 19. Ra2 a5 20. e5 Ba6 21. g4 Kh8 22. gxh5 gxh5 23. Bxa6 Rxa6 24. Bf4 Rg8 25. Kh2 Raa8 26. exd6 exd6 27. Qd2 Kh7 28. Ra4 Rab8 29. Re2 Rge8 30. Qd3+ Kh8 31. Rae4 Rxe4 32. Qxe4 Qd8 33. Qf5 Qf8 34. Qxh5 1-0

[Event "1st Bristol NY Open Tournament"]
[Site "Bristol Bridge & Clifton Chess"]
[Date "2024.12.27"]
[Round "1.16"]
[White "Hu, Hector"]
[Black "Hill, Andy"]
[Result "0-1"]
[WhiteElo "1405"]
[BlackElo "1965"]
[PlyCount "44"]
[GameId "2135167217979818"]
[EventDate "2024.12.27"]
[SourceTitle "Bristol_NY24_Fide_Open"]
[Source "David Tipper"]
[SourceDate "2025.02.16"]
[SourceVersion "1"]
[SourceVersionDate "2025.02.16"]
[SourceQuality "2"]

{[%evp 0,44,16,36,20,-1,28,11,1,0,4,-10,0,0,-6,-18,-5,-6,10,11,6,1,133,5,37,-47,-47,36,31,10,-4,1,3,-115,-33,-184,-164,-440,-524,-29991,-29992,-29993,-29994,-29997,-29998,-29999,-29999]} 1. d4 Nf6 2. Nf3 g6 3. Bf4 Bg7 4. e3 O-O 5. Bd3 d6 6. O-O Nbd7 7. c4 Re8 8. Bc2 b6 9. Nc3 Ba6 10. b3 c5 11. Re1 h6 12. h3 e5 13. dxe5 dxe5 14. Bh2 e4 15. Nd2 Bb7 16. Qb1 Ng4 17. Ndxe4 Nxh2 18. Nd6 Nf3+ 19. gxf3 Qg5+ 20. Kf1 Bxf3 21. Rc1 Qg2+ 22. Ke1 Bxc3# 0-1

[Event "1st Bristol NY Open Tournament"]
[Site "Bristol Bridge & Clifton Chess"]
[Date "2024.12.27"]
[Round "1.17"]
[White "Ashworth, Robert M"]
[Black "Bourne, Patrick"]
[Result "1-0"]
[WhiteElo "1860"]
[BlackElo "1365"]
[PlyCount "59"]
[GameId "2135168050762172"]
[EventDate "2024.12.27"]
[SourceTitle "Bristol_NY24_Fide_Open"]
[Source "David Tipper"]
[SourceDate "2025.02.16"]
[SourceVersion "1"]
[SourceVersionDate "2025.02.16"]
[SourceQuality "2"]

1. e4 d5 2. exd5 Qxd5 3. Nc3 Qa5 4. d4 Nf6 5. Nf3 Bg4 6. Be2 e6 7. Bd2 c6 8. O-O Be7 9. Re1 O-O 10. Ne5 Bxe2 11. Nxe2 Qd5 12. c4 Qd8 13. Qc2 Nbd7 14. Bc3 c5 15. Rad1 Qc7 16. Ng3 cxd4 17. Bxd4 b5 18. Nxd7 Nxd7 19. Qd2 Qxc4 20. Bxg7 Kxg7 21. Qxd7 Bg5 22. b3 Qb4 23. Re4 Qc5 24. b4 Qc2 25. Qd4+ Kg6 26. Rg4 f5 27. Rxg5+ Kxg5 28. Qg7+ Kf4 29. Nh5+ Ke4 30. Rd4# 1-0

[Event "1st Bristol NY Open Tournament"]
[Site "Bristol Bridge & Clifton Chess"]
[Date "2024.12.27"]
[Round "1.18"]
[White "Sun, Lydia"]
[Black "Hardy, Roger"]
[Result "1/2-1/2"]
[WhiteElo "1268"]
[BlackElo "1904"]
[PlyCount "60"]
[GameId "2135169044070861"]
[EventDate "2024.12.27"]
[SourceTitle "Bristol_NY24_Fide_Open"]
[Source "David Tipper"]
[SourceDate "2025.02.16"]
[SourceVersion "1"]
[SourceVersionDate "2025.02.16"]
[SourceQuality "2"]

1. e4 c6 2. Nf3 d5 3. Nc3 Bg4 4. d4 dxe4 5. Nxe4 Nf6 6. Ned2 e6 7. h3 Bh5 8. g4 Bg6 9. Ne5 Qxd4 10. Nxg6 hxg6 11. Qf3 Qd5 12. Bc4 Qxf3 13. Nxf3 Nxg4 14. Rg1 Nf6 15. Ng5 Be7 16. Bf1 Nbd7 17. b3 Bb4+ 18. Ke2 Nd5 19. Bg2 Bd6 20. Bd2 Nf4+ 21. Kf3 Nxg2 22. Kxg2 Nf6 23. Bc3 Ke7 24. Rad1 Rad8 25. Rd3 Bc5 26. Rgd1 Rxd3 27. Rxd3 Bd6 28. Nxf7 Kxf7 29. Rxd6 Nd5 30. Be5 Re8 1/2-1/2

[Event "1st Bristol NY Open Tournament"]
[Site "Bristol Bridge & Clifton Chess"]
[Date "2024.12.27"]
[Round "1.19"]
[White "Kumar, Yuvraj"]
[Black "Mussa, Adam"]
[Result "1-0"]
[WhiteElo "1673"]
[BlackElo "1259"]
[PlyCount "53"]
[GameId "2135170123899422"]
[EventDate "2024.12.27"]
[SourceTitle "Bristol_NY24_Fide_Open"]
[Source "David Tipper"]
[SourceDate "2025.02.16"]
[SourceVersion "1"]
[SourceVersionDate "2025.02.16"]
[SourceQuality "2"]

1. e4 e6 2. d4 d5 3. exd5 exd5 4. Nf3 Nf6 5. Bd3 Bd6 6. Qe2+ Be6 7. Ng5 O-O 8. Nxe6 fxe6 9. Qxe6+ Kh8 10. O-O Re8 11. Qh3 Nbd7 12. Bg5 c6 13. Bxh7 Nxh7 14. Bxd8 Raxd8 15. Nd2 Ndf6 16. Rfe1 Kg8 17. Nf3 c5 18. Rxe8+ Rxe8 19. Re1 Rxe1+ 20. Nxe1 cxd4 21. Qe6+ Kh8 22. Qxd6 Ng5 23. Nd3 Nge4 24. Qf8+ Kh7 25. Nf4 g5 26. Qf7+ Kh6 27. Qg6# 1-0

[Event "1st Bristol NY Open Tournament"]
[Site "Bristol Bridge & Clifton Chess"]
[Date "2024.12.27"]
[Round "1.20"]
[White "Burton, Henry"]
[Black "Acharya, Kandara"]
[Result "0-1"]
[WhiteElo "1194"]
[BlackElo "1753"]
[PlyCount "134"]
[GameId "2135170962821679"]
[EventDate "2024.12.27"]
[SourceTitle "Bristol_NY24_Fide_Open"]
[Source "David Tipper"]
[SourceDate "2025.02.16"]
[SourceVersion "1"]
[SourceVersionDate "2025.02.16"]
[SourceQuality "2"]

1. d4 Nf6 2. c4 g6 3. Nc3 Bg7 4. Nf3 O-O 5. e4 d6 6. Bd3 c5 7. d5 Nbd7 8. O-O Ng4 9. Bd2 Nge5 10. Nxe5 Nxe5 11. Be2 f5 12. Re1 a6 13. Bg5 h6 14. Bf4 g5 15. Bxe5 Bxe5 16. Bd3 Qe8 17. exf5 Bxf5 18. Bxf5 Rxf5 19. Qg4 Qf7 20. Re2 Rf8 21. Ne4 h5 22. Qh3 Qg6 23. Ng3 Bxg3 24. Qxg3 R8f7 25. Qb3 Qf6 26. Rf1 Qd4 27. Qxb7 Qxc4 28. Rxe7 Rxe7 29. Qxe7 Qxd5 30. Qe8+ Kg7 31. Qxh5 Qxa2 32. Qe8 Qf7 33. Qc6 Qf6 34. Qxa6 Qxb2 35. Qxd6 Qe5 36. Qxe5+ Rxe5 37. Rc1 Kf6 38. Kf1 Kf5 39. f3 Ke6 40. Kf2 Kd5 41. g3 c4 42. h4 gxh4 43. gxh4 Kd4 44. Rh1 Rh5 45. Rd1+ Kc5 46. Kg3 c3 47. Kg4 Rd5 48. Rc1 Kc4 49. h5 Kb3 50. h6 Kb2 51. h7 Kxc1 52. h8=Q c2 53. Qa1+ Kd2 54. Qb2 Kd1 55. Qb3 Rd2 56. f4 Ke2 57. Qc4+ Ke3 58. f5 Rd4+ 59. Qxd4+ Kxd4 60. f6 c1=Q 61. Kh5 Qc8 62. Kg6 Qf8 63. f7 Ke5 64. Kh7 Qxf7+ 65. Kh8 Qe7 66. Kg8 Kf6 67. Kh8 Qg7# 0-1

[Event "1st Bristol NY Open Tournament"]
[Site "Bristol Bridge & Clifton Chess"]
[Date "2024.12.27"]
[Round "1.21"]
[White "Skalski, Sebastian"]
[Black "Hinde, Stephen"]
[Result "1-0"]
[WhiteElo "1858"]
[BlackElo "1186"]
[PlyCount "49"]
[GameId "2135173314700018"]
[EventDate "2024.12.27"]
[SourceTitle "Bristol_NY24_Fide_Open"]
[Source "David Tipper"]
[SourceDate "2025.02.16"]
[SourceVersion "1"]
[SourceVersionDate "2025.02.16"]
[SourceQuality "2"]

1. e4 c5 2. Nf3 d6 3. d4 cxd4 4. Nxd4 Nf6 5. Nc3 a6 6. f3 e5 7. Nb3 Be7 8. Be3 Nc6 9. Qd2 Be6 10. O-O-O O-O 11. g4 Nd7 12. h4 Bxb3 13. cxb3 Nb4 14. a3 Nc6 15. g5 g6 16. h5 Na5 17. Kb1 Nxb3 18. Qh2 Bxg5 19. hxg6 Bh4 20. gxf7+ Rxf7 21. Bc4 Kf8 22. Bh6+ Ke8 23. Bxb3 Rxf3 24. Rxd6 Bg3 25. Qh5+ 1-0